[Event "Civil Service Minor op"]
[Site "London"]
[Date "2005.11.05"]
[Round "2"]
[White "Coombes, Fred"]
[Black "Bryan, Ian B"]
[Result "1-0"]
[WhiteElo "1048"]
[BlackElo "1328"]
[PlyCount "109"]
[EventDate "2005.11.05"]
[EventType "swiss"]
[EventRounds "5"]
[EventCountry "ENG"]
[SourceTitle "EXT 2007"]
[Source "ChessBase"]
[SourceDate "2006.11.23"]
[SourceVersion "1"]
[SourceVersionDate "2006.11.23"]
[SourceQuality "1"]

1. b4 e6 2. b5 d5 3. e3 Nd7 4. d4 Ngf6 5. Bb2 Be7 6. Nc3 0-0 7. Bd3 c5 8. bxc6 bxc6 9. Nf3 c5 10. Ne5 Nxe5 11. dxe5 Nd7 12. Nb5 c4 13. Be2 Qb6 14. a4 a6 15. Bd4 Bc5 16. Bxc5 Qxc5 17. Nd6 Nxe5 18. Nxc8 Rfxc8 19. 0-0 Nd7 20. c3 Nf6 21. Bf3 Rab8 22. Qc2 h6 23. Rfd1 Rd8 24. g3 e5 25. Rdb1 e4 26. Bh1 Nd7 27. Rd1 Ne5 28. Kf1 Nd3 29. Rab1 Qc7 30. Rxb8 Rxb8 31. Rb1 Rb6 32. Rxb6 Qxb6 33. Kg2 a5 34. Kf1 Qb2 35. Qe2 Qxe2+ 36. Kxe2 Nb2 37. f3 f5 38. fxe4 fxe4 39. Bg2 Nxa4 40. Bh3 Kf8 41. Bd7 Nb6 42. Bb5 Ke7 43. g4 Kd6 44. h4 Kc5 45. Be8 Na4 46. Bxa4 d4 47. exd4+ Kd6 48. Ke3 Kd5 49. Bc2 g5 50. Bxe4+ Kd6 51. hxg5 a4 52. Bb1 hxg5 53. Ke4 a3 54. Kf5 Kc6 55. Ba2 1-0

[Event "Civil Service Minor op"]
[Site "London"]
[Date "2005.11.05"]
[Round "1"]
[White "Whitworth, Michael"]
[Black "Bryan, Ian B"]
[Result "1-0"]
[WhiteElo "1496"]
[BlackElo "1328"]
[PlyCount "141"]
[EventDate "2005.11.05"]
[EventType "swiss"]
[EventRounds "5"]
[EventCountry "ENG"]
[SourceTitle "EXT 2007"]
[Source "ChessBase"]
[SourceDate "2006.11.23"]
[SourceVersion "1"]
[SourceVersionDate "2006.11.23"]
[SourceQuality "1"]

1. d4 Nf6 2. c4 g6 3. Nc3 d5 4. cxd5 Nxd5 5. e4 Nxc3 6. bxc3 Bg7 7. Nf3 0-0 8. Bc4 c5 9. 0-0 Bg4 10. e5 Nc6 11. Be3 e6 12. Rb1 Rb8 13. Be2 cxd4 14. cxd4 a6 15. h3 Bf5 16. Rc1 Be4 17. Nd2 Bd5 18. Bc4 Qd7 19. Bxd5 Qxd5 20. a3 Nxd4 21. Rc4 Nc6 22. Rc5 Qd7 23. Qc2 Bxe5 24. Ne4 Bg7 25. Bh6 Rfd8 26. Bg5 Re8 27. Bf6 e5 28. Rd1 Qf5 29. g4 Qf3 30. Rc3 Nd4 31. Rxd4 Qxc3 32. Qxc3 exd4 33. Qxd4 Rxe4 34. Qxe4 Bxf6 35. Qf4 Re8 36. Qxf6 Re1+ 37. Kg2 Re6 38. Qd8+ Kg7 39. Qd5 b5 40. f4 Kg8 41. Kf3 Kg7 42. Qd4+ Kg8 43. f5 gxf5 44. gxf5 Rc6 45. f6 h6 46. Qg4+ Kf8 47. Qe4 Rxf6+ 48. Kg2 Kg7 49. Qe5 Kg6 50. Qe4+ Kg7 51. h4 Re6 52. Qd4+ Kf8 53. Kf3 Ke7 54. h5 Kf8 55. Kg4 Ke7 56. Kf5 Kf8 57. Qd7 Kg7 58. Qd8 Kh7 59. Qf8 Re2 60. Qxf7+ Kh8 61. Qf8+ Kh7 62. Kg4 Rg2+ 63. Kf3 Rg5 64. Qf7+ Kh8 65. Kf4 Rg7 66. Qf6 Kh7 67. Qxa6 Rg5 68. Qb7+ Kg8 69. Qe7 Kh8 70. Qxg5 hxg5+ 71. Kxg5 1-0